The great movie stars : the golden years /

Bibliographic Details
Main Author: Shipman, David
Format: Book
Language:English
Published: New York : Hill and Wang, [1979]
Edition:New rev. ed.
Subjects:

MARC

Tag First Indicator Second Indicator Subfields
LEADER 00000cam a2200000 a 4500
001 in00000073733
005 20151008054702.0
008 811103s1979 nyua b 00110 eng d
020 |a 0809051702 :  |c $25.00 
035 |a (OCoLC)07901927 
035 |9 AAJ1377AM 
040 |a DMM  |c DMM  |d TXA  |d UtOrBLW 
049 |a TXAM  |c [1654737] 
090 |a PN1998.A2  |b S54 1979 
092 |a 791.43  |b S557G, 1979 
100 1 |a Shipman, David. 
245 1 4 |a The great movie stars :  |b the golden years /  |c David Shipman. 
250 |a New rev. ed. 
264 1 |a New York :  |b Hill and Wang,  |c [1979] 
264 4 |c ©1979 
300 |a 592 pages :  |b illustrations ;  |c 26 cm. 
336 |a text  |b txt  |2 rdacontent 
337 |a unmediated  |b n  |2 rdamedia 
338 |a volume  |b nc  |2 rdacarrier 
500 |a Includes index. 
504 |a Bibliography: pages 586-588. 
650 0 |a Motion picture actors and actresses  |v Biography  |v Dictionaries. 
999 |a MARS 
999 f f |s c82b8269-d02e-3fdb-9e00-0b8a62f36e2b  |i 3d3f1d46-7f60-3aa3-80ed-83808b35c7cb  |t 0 
952 f f |p ric  |a Texas A&M University  |b Rellis Campus  |c Joint Library Facility  |d Remote Storage  |t 0  |e PN1998.A2 S54 1979  |h Library of Congress classification  |i unmediated -- volume  |m A14823509826 
998 f f |a PN1998.A2 S54 1979  |t 0  |l Remote Storage